LDR 00555naa#a2200181#i#450# 001 EN\INFRA-M\bibl\126801 005 20260705130351.7 011 ## _a2305-7807 100 ## _a20260430b2026####ek#y0engy0150####ca 102 ## _aRU 200 1# _aMOTIVATIONAL MECHANISMS FOR STUDENT PARTICIPATION IN SPORTS CLUB ACTIVITIES _eJournal article 210 1# _aMoscow _cINFRA-M Academic Publishing LLC. _d2026 215 ## _a5 с. 608 ## _aJournal article _2local 675 ## _aСоциология. 316 _z 700 #1 _aZhelinskaya _gM. A. 700 #1 _aZaharov _gN. L. 856 4# _azh-szf.ru _u